000
00321nam a22001217a 4500
008
160428b xxu||||| |||| 00| 0 eng d
020
_a
9780132437110
020
_a
0132437112
041
_a
eng
080
_a
618.2
245
_a
Child health nursing:
_c
Mary Ann Hogan; Judy E. White; Kathleen Falkenstein;
942
_2
udc
_c
BK
999
_c
1666
_d
1666